Statistics for Most Populous Countries by Number of Borders

Click here to take the quiz!

General Stats

  • This quiz has been taken 66 times
  • The average score is 8 of 12

Answer Stats

borderspopcountry% Correct
141410 mChina
95%
2324 mUnited States
93%
61339 mIndia
92%
0127 mJapan
89%
3264 mIndonesia
75%
166 mUnited Kingdom
74%
10209 mBrazil
72%
4197 mPakistan
66%
982 mGermany
52%
881 mTurkey
36%
781 mIran
30%
553 mMyanmar
10%

Score Distribution

Percentile by Number Answered

Percent of People with Each Score

Your Score History

You have not taken this quiz